| 000 | 00000nas 2200000zi 4500 |
| 001 | 9.934501 |
| 003 | CaOODSP |
| 005 | 20241127112631 |
| 006 | m o d f |
| 007 | cr ||||||||||| |
| 008 | 240226d19711982oncuu m o f0###a0eng|d |
| 022 | |y0708-2878 |
| 040 | |aCaOODSP|beng|erda|cCaOODSP |
| 041 | |aeng|beng|bfre |
| 043 | |an-cn--- |
| 086 | 1 |aEn57-58E-PDF |
| 130 | 0 |aTechnical memoranda (Canada. Atmospheric Environment Service) |
| 222 | 0|aTechnical memoranda - Atmospheric Environment Service |
| 245 | 10|aTechnical memoranda / |cAtmospheric Environment Service. |
| 264 | 1|aDownsview, Ontario : |bEnvironment Canada, Atmospheric Environment Service, |c1971-1982. |
| 336 | |atext|btxt|2rdacontent |
| 337 | |acomputer|bc|2rdamedia |
| 338 | |aonline resource|bcr|2rdacarrier |
| 362 | 1 |aBegan with: TEC 751 (1971). |
| 500 | |aDigitized edition from print [produced by Environment and Climate Change Canada]. |
| 546 | |aSome numbers include abstracts in English and French. |
| 588 | |aDescription based on: TEC 763. |
| 650 | 0|aMeteorology|xResearch|zCanada. |
| 650 | 6|aMétéorologie|xRecherche|zCanada. |
| 710 | 1 |aCanada. |bAtmospheric Environment Service, |eissuing body. |
| 780 | 00|tTechnical memoranda.|w(CaOODSP)9.934428 |